Polskie utwory literackie z miejscami w tytule - Statystyki

Ogólne statystyki
  • Ten quiz został rozwiązany 40 razy
  • Średni wynik to 6 z 12
Statystyki odpowiedzi
Autor Nazwa dzieła % Poprawnych
Eliza Orzeszkowa „Nad {Niemnem}"
100%
Adam Mickiewicz „Sonety {Krymskie}"
97%
Adam Mickiewicz „Pan Tadeusz, czyli ostatni zajazd na {Litwie}"
92%
Andrzej Frycz-Modrzewski „O poprawie {Rzeczypospolitej}"
69%
Maria Konopnicka „Mendel {Gdański}"
67%
Jan Kochanowski Pieśń o spustoszeniu {Podola}
53%
Henryk Sienkiewicz „Listy z podróży do {Ameryki}"
36%
Kazimierz Przerwa-Tetmajer „Na skalnym {Podhalu}"
33%
Juliusz Słowacki „W {Szwajcarii}"
17%
Józef Czechowicz „Poemat o mieście {Lublinie}"
14%
Juliusz Słowacki „Podróż z Ziemi Świętej do {Neapolu}"
11%
Władysław Reymont „Pielgrzymka do {Jasnej} {Góry}"
6%
Nie znaleziono quizów pasujących do podanych kryteriów
Rozkład punktacji
Procent ludzi z każdym wynikiem
Percentyl według liczby udzielonych odpowiedzi
Twoja historia wyników
Nie rozwiązałeś tego quizu